000 00461nam a2200181 a 4500
001 551
003 CO-ViMGA
008 141112s2004 ck r 000 u spa d
040 _aCO-ViMGA
_bspa
_cCO-ViMGA
082 0 4 _aSCIc
100 1 _aScieszka, Jon
_94925
245 1 0 _aLos caballeros de la mesa de la cocina
260 _aBogotá :
_bNorma,
_c1996
300 _a90 p : il
490 _aTorre de papel
650 1 4 _aCUENTOS INFANTILES
_92743
942 _2ddc
_cBK
999 _c12792
_d12792